01209cam a22003257a 4500003000500000005001700005008004100022010001000063011001000073035001000083040000900093082001600102100004000118245011000158260004900268300001900317490004800336590004100384590004100425590004200466650002500508650002900533700002600562830005600588901000700644942001000651949006900661999001700730952013600747CHAP20220329134337.0971013s1974 r 00010 d a19060 a20032 a24119 cCHAP a595.752bA500aAlzate Corpus-Raros, Leonila.9504712aA revision of north American Capitophorus Van der Goot and Pleotrichophorus Borner (Homoptera: Aphididae) aWashington :bSmithsonian Institution,c1974 a143 p.b: ilus 0aSmithsonian contributions to zoologyv; 156 aBATCH-UPDb10c20130110lUCH01h0132 aBATCH-UPDb10c20130110lUCH01h2026 aCONVERSIONb10c20130109lUCH01h131214aCapitophorus.91871314aPleotrichophorus.9891690 aCook, Edwin F.9276900 aSmithsonian contributions to zoologyv; 1569107173 aBK cLIBRO a595.752 A5bBCcLIBROd33724000370011eLIBROh35406i24119mDsi c19060d19060 00102ddc4052708GRALaBCbBCcPA_GRALd2019-12-31fLIBROl0o595.752 A5p33724000370011r2019-12-31 00:00:00w2019-12-31yLIBRO